| 000 | 00668nam a2200229Ia 4500 | ||
|---|---|---|---|
| 008 | 160319s9999 xx 000 0 und d | ||
| 020 | _a0-590491601 | ||
| 050 | _a418.4 | ||
| 050 | _b.L775cq 1996 | ||
| 245 | _aCommunity quilt : | ||
| 245 | _bcommunity involvement: in a community, some things continue and some things change / | ||
| 260 | _a New York : | ||
| 260 | _bScholastic Inc., | ||
| 260 | _c1996 | ||
| 300 | _a136 pages ; | ||
| 300 | _billustrations, color ; | ||
| 300 | _c28 cm. | ||
| 440 | _a Scholastic literacy place., grade 3. | ||
| 500 | _a Includes glossary. | ||
| 650 | _aLanguage arts (Elementary) | ||
| 650 | _aReading (Elementary) | ||
| 999 |
_c291984 _d291984 |
||